000 00610nam a2200193Ia 4500
005 20250423100107.0
008 250422s9999 xx 000 0 und d
020 _a9781496322647
050 _aRC 648 .M36/
100 _aEdited by Norman Lavin
245 0 _aManual of endocrinology and metabolism
250 _a5th ed.
260 _aPhiladelphia
260 _bWolters Kluwer
260 _c2019
300 _a1166 p
650 _a Endocrinology--Handbooks, manuals, etc. Endocrine glands--Diseases--Handbooks, manuals, etc. Metabolism--Disorders--Handbooks, manuals, etc.
942 _cBK
999 _c32267
_d32267